000 00446nam a2200169Ia 4500
008 210707s1981 xx 000 0 und d
041 _aeng
082 _aH891.9 VARH
100 _aVARSHNEYA (Lakshmisagara)
245 _aHindi sahitya ka sankshipt ithihas.
260 _aIlahabad
_bLokabharati prakashan
_c1981
300 _a244 p
365 _b8
_cINR
563 _aPB
650 _aHindi Criticism
906 _aHistory of hindi literature
999 _c180344
_d180344